000 00793cam a2200205 4500
001 J118394
008 020612n2002 000 0 eng u
035 _a(Sirsi) u118394
050 _a333.3321
110 _aRoyal Institution of Chartered Surveyors
_bProperty Valuation Forum
_94260
245 _aValuation of owner-occupied property for financial statements : annexes to the discussion paper prepared by the RICS Property Valuation Forum
260 _aLondon
_bRICS
_c2002
300 _a19p.
_c30cm.
520 _aFull text available on the RICS website at http://www.rics.org
650 _aEXISTING USE VALUE
650 _aOWNER-OCCUPIED PROPERTIES
690 _aPROPERTY-PROPERTY APPRAISAL AND VALUATION
710 _aRoyal Institution of Chartered Surveyors
_94900
942 _n0
999 _c102136
_d102136